000
00297nam a2200121Ia 4500
008
190216s9999||||xx |||||||||||||| ||und||
100
_a
Gordon E & Natarajan K
245
0
_a
Banking Theory Law And Practice
260
_b
S Chand & Co
_c
2000
300
_a
493p
650
_a
Commerce
942
_c
BK
999
_c
5965
_d
5965